[Event "21st Open"]
[Site "Reykjavik ISL"]
[Date "2004.03.11"]
[Round "5"]
[White "Ragnarsson,J"]
[Black "Lehikoinen,P"]
[Result "0-1"]
[WhiteElo "2122"]
[BlackElo "2234"]

1.d4 Nf6 2.c4 e6 3.g3 d5 4.Bg2 Be7 5.Nf3 O-O 6.O-O dxc4 7.Qc2 a6 8.a4 Nc6
9.Qxc4 Qd5 10.Qd3 Nb4 11.Qd1 Rd8 12.Bf4 Qd7 13.Nc3 c5 14.dxc5 Qc6 15.Qb1 Qxc5
16.Be3 Qh5 17.Bb6 Re8 18.Bd4 Nc6 19.Bb6 e5 20.Nd2 Bf5 21.Nde4 Nd4 22.Nxf6+ Bxf6
23.e4 Be6 24.Qd3 Rac8 25.Nd5 Qe2 26.Qxe2 Nxe2+ 27.Kh1 Rc2 28.Rab1 Rec8 29.h3 Nc1
30.Be3 Nd3 31.b4 Bd8 32.Kg1 f5 33.b5 Nc5 34.Rbc1 Nxe4 35.Rxc2 Rxc2 36.Bxe4 fxe4
37.Nb4 Rc4 38.bxa6 Rxb4 39.a7 Rxa4 40.Rd1 Bc7 41.Rc1 Bd8 42.Rd1 Be7 43.Rc1 Kf7
44.Bb6 Bd6 45.Rb1 Bd7 46.Kf1 Ke6 47.Rd1 Bb5+ 48.Kg2 Bc6 49.Kg1 Be7 50.Kf1 Bd5
51.Rc1 Bc6 52.Rd1 Bb5+ 53.Kg2 Bd6 54.Kg1 Ra2 55.g4 Be7 56.Rc1 Bc6 57.Rd1 Bh4
58.Kf1 Be7 59.Kg1 Kf6 60.Rc1 Ke6 61.Rd1 h6 62.Kf1 Bb5+ 63.Kg1 Bc4 64.Kh1 Bd6
65.Kg1 Kd7 66.Bc5 Bd3 67.Be3 b5 68.f3 Kc7 69.Rd2 Ra4 70.Kf2 b4 71.Kg3 b3
72.Kh4 Bb4 73.Rb2 Bc2 74.fxe4 Bc3  0-1

[Event "TCh-AUT 2003-4"]
[Site "Jenbach AUT"]
[Date "2004.03.19"]
[Round "9"]
[White "Ftacnik,L"]
[Black "Wells,P"]
[Result "1/2-1/2"]
[WhiteElo "2582"]
[BlackElo "2493"]

1.d4 Nf6 2.Nf3 d5 3.c4 e6 4.g3 Be7 5.Bg2 O-O 6.O-O dxc4 7.Qc2 a6 8.a4 Bd7
9.Qxc4 Bc6 10.Bg5 Bd5 11.Qc2 Be4 12.Qd1 c5 13.dxc5 h6 14.Be3 Nd5 15.Qb3 Nd7
16.Rc1 Bxf3 17.exf3 Nxe3 18.Qxe3 Bxc5 19.Qe2 Rc8  1/2-1/2

[Event "5th ch-EURw"]
[Site "Dresden GER"]
[Date "2004.03.25"]
[Round "5"]
[White "Calotescu,A"]
[Black "Vasiliev,Olg"]
[Result "0-1"]
[WhiteElo "2290"]
[BlackElo "2156"]

1.c4 e6 2.Nf3 Nf6 3.g3 d5 4.Bg2 Be7 5.d4 O-O 6.O-O dxc4 7.Qc2 a6 8.a4 Bd7
9.Bg5 Bc6 10.Bxf6 Bxf6 11.Rd1 b5 12.Nc3 Nd7 13.axb5 axb5 14.Rxa8 Qxa8 15.e4 Nb6
16.d5 exd5 17.Nxd5 Bxd5 18.exd5 Qa4 19.Qb1 Bxb2 20.Ng5 g6 21.Be4 Bg7 22.d6 cxd6
23.Rxd6 Qa5 24.h4 b4 25.Kg2 Na4 26.Qf1 Nb2 27.Qe2 Qe5 28.Rd5 Qe7 29.Qf3 h6
30.Nh3 Re8 31.Bb1 Qe2 32.Qxe2 Rxe2 33.Rd8+ Bf8 34.Kf1 Re6 35.Rc8 Rd6 36.Ke2 Nd1
37.Be4 Nc3+ 38.Kf3 Rd4 39.Bc2 b3 40.Bxb3 Rd3+ 41.Kg2 cxb3 42.Nf4 b2 43.Nxd3 b1=Q
44.Rxc3 Bg7 45.Ra3 Kh7 46.Nf4 g5 47.hxg5 hxg5 48.Nh3 f6 49.Re3 Kg6 50.g4 Bf8
51.Ng1 Bc5 52.Re2 Qd3 53.Re1 Qd4 54.Re2 Qxg4+ 55.Kf1 f5 56.Rd2 Bb4 57.Re2 Qc4
58.f3 Bc5 59.Nh3 Qd3 60.Ke1 Qxf3 61.Re6+ Kh5  0-1

[Event "Amber Rapid"]
[Site "Monte Carlo MNC"]
[Date "2004.03.26"]
[Round "6"]
[White "Bareev,E"]
[Black "Shirov,A"]
[Result "1-0"]
[WhiteElo "2714"]
[BlackElo "2736"]

1.d4 d5 2.c4 e6 3.Nf3 Nf6 4.g3 Be7 5.Bg2 O-O 6.O-O dxc4 7.Qc2 a6 8.Qxc4 b5
9.Qc2 Bb7 10.Bd2 Be4 11.Qc1 Bb7 12.Rd1 Qc8 13.a4 c5 14.axb5 axb5 15.Rxa8 Bxa8
16.dxc5 Bxc5 17.Nc3 Bc6 18.Be3 Bxe3 19.Qxe3 b4 20.Na2 Qb7 21.Nc1 Nbd7 22.Nd3 Rb8
23.Qd4 h6 24.Ra1 Be4 25.Ra7 Qb5 26.Nfe5 Bxd3 27.Nxd3 e5 28.Qd6 e4 29.Bxe4 Nxe4
30.Qxd7 Qxd7 31.Rxd7 f5 32.f3 Ng5 33.Rd4 b3 34.Rb4 Re8 35.Nf4  1-0

[Event "1st Savaria IM"]
[Site "Szombathely HUN"]
[Date "2004.03.26"]
[Round "5"]
[White "Kiss,At"]
[Black "Csonka,A"]
[Result "1/2-1/2"]
[WhiteElo "2393"]
[BlackElo "2349"]

1.d4 Nf6 2.Nf3 e6 3.g3 d5 4.Bg2 Be7 5.c4 O-O 6.O-O Nbd7 7.b3 c6 8.Qc2 b6
9.Rd1 Ba6 10.Nbd2 c5 11.e4 dxc4 12.bxc4 cxd4 13.e5 Ng4 14.Qe4 h5 15.h3 Nc5
16.Qxd4 Qxd4 17.Nxd4 Nxe5 18.Bxa8 Rxa8 19.Ba3 Nxc4 20.Nxc4 Bxc4 21.Nb3 Bxb3
22.axb3 Bf6 23.Rab1 Ne4 24.Bb2 a5 25.Bxf6 Nxf6 26.Kf1 Nd5 27.Rdc1 Kf8 28.Ke2 Ke7
29.h4 Kd6 30.Rb2 b5 31.Kd2 b4 32.Rc4 Nc3 33.Kd3 e5 34.Rd2 Nb5 35.Ra2 Ra7
36.Ke3 Kd5 37.Kd3 Na3 38.Rc8 Nb5 39.Rd8+ Ke6 40.Rb8 Nc3 41.Ra1 Rd7+ 42.Kc2 Ne4
43.Re1 Kf5 44.Re2 f6 45.Ra8 Rc7+ 46.Kb2 Rc3 47.Rxa5 Nc5 48.Re3 Nd3+ 49.Ka2 Rc2+
50.Kb1 Rb2+ 51.Ka1 Rxb3 52.f3 Rc3 53.Rd5 Rc1+ 54.Ka2 Nc5 55.Kb2 Rc4 56.Rd1 Ne6
57.Kb3 Rd4 58.Rc1 g5 59.hxg5 fxg5 60.Rce1 Nc5+ 61.Kc2 e4 62.fxe4+ Nxe4 63.Rd1 Rc4+
64.Kb2 Kg4 65.Rg1 Rd4 66.Kc2 Nd6 67.Rd3 Rxd3 68.Kxd3 Nf5 69.Ke2 Nxg3+ 70.Kf2 h4
71.Kg2 Ne2 72.Rb1 Nf4+ 73.Kh2 Nd5 74.Rd1 Ne3 75.Rb1 Kf3 76.Rxb4 g4 77.Rb8 Nf1+
78.Kg1 Nd2 79.Rb2 Ne4 80.Rb3+ Kf4 81.Kg2 Kg5 82.Rb4 Nd6 83.Rb3 Nf5 84.Ra3 h3+
85.Rxh3 gxh3+ 86.Kxh3  1/2-1/2

[Event "It"]
[Site "Rishon le Zion ISR"]
[Date "2004.03.28"]
[Round "9"]
[White "Bykhovsky,Av"]
[Black "Rodshtein,M"]
[Result "1-0"]
[WhiteElo "2439"]
[BlackElo "2357"]

1.d4 e6 2.c4 Nf6 3.g3 d5 4.Nf3 Be7 5.Bg2 O-O 6.Qc2 Nc6 7.a3 dxc4 8.Qxc4 Qd5
9.Nbd2 Rd8 10.e3 Qf5 11.O-O Bd7 12.Re1 Ne4 13.Nxe4 Qxe4 14.Qc3 Qf5 15.Bd2 Be8
16.Rac1 a5 17.e4 Qh5 18.Be3 a4 19.Nd2 Bf6 20.e5 Be7 21.f4 Bf8 22.Bf2 Ne7
23.Bxb7 Nd5 24.Qc2 Rab8 25.Ba6 Bb5 26.Bxb5 Rxb5 27.Nc4 Rb3 28.Qe2 Qf5 29.Qe4 Qh3
30.Qg2 Qf5 31.Ne3 Nxe3 32.Bxe3 Rdb8 33.Rc2 Qd3 34.Ree2 g6 35.Qc6 Qd1+ 36.Kg2 Qd3
37.Kf2 h5 38.Qxa4 R8b6 39.Qa8 c6 40.d5 Ra6 41.Qc8 exd5 42.Bc5 Qf3+ 43.Kg1  1-0

[Event "IV Open"]
[Site "Dos Hermanas ESP"]
[Date "2004.03.29"]
[Round "5"]
[White "Komljenovic,D"]
[Black "Lalic,B"]
[Result "1/2-1/2"]
[WhiteElo "2441"]
[BlackElo "2518"]

1.c4 e6 2.Nf3 d5 3.d4 Nf6 4.g3 Be7 5.Bg2 O-O 6.O-O dxc4 7.Qc2 a6 8.a4 Bd7
9.Qxc4 Bc6 10.Nc3 a5 11.Bg5 Na6 12.Rfd1 Bd5 13.Nxd5 exd5 14.Qb5 Nb4 15.Bxf6 Bxf6
16.Qxb7 Be7 17.Ne5 Rb8 18.Qa7 Ra8 19.Qb7 Rb8 20.Qa7 Ra8  1/2-1/2

[Event "5th ch-EURw"]
[Site "Dresden GER"]
[Date "2004.03.31"]
[Round "10"]
[White "Dragomirescu,An"]
[Black "Schulz,St"]
[Result "1/2-1/2"]
[WhiteElo "2288"]
[BlackElo "2079"]

1.d4 d5 2.c4 e6 3.Nf3 Nf6 4.g3 Be7 5.Bg2 O-O 6.O-O dxc4 7.Qc2 a6 8.Qxc4 b5
9.Qc2 Bb7 10.Bf4 Nc6 11.Rd1 Nb4 12.Qc1 Nbd5 13.Nc3 Rc8 14.Ne5 Nxc3 15.Qxc3 Bxg2
16.Kxg2 Qd5+ 17.Qf3 Qxf3+ 18.Kxf3 c5 19.dxc5 Rxc5 20.Rac1 Rfc8 21.Rxc5 Rxc5
22.Rc1 Nd5 23.Rxc5 Bxc5 24.Nd3 Be7 25.Bd2 f6 26.Ba5 f5 27.e4 fxe4+ 28.Kxe4 Bd6
29.Bd2 Kf7 30.f4 Ke7 31.Kd4 Bc7 32.h3 Kd6 33.Bb4+ Nxb4 34.Nxb4 Bb6+ 35.Ke4 a5
36.Nd3 Bd8 37.g4 Bf6 38.g5 Be7 39.Kd4 Bd8 40.Ne5 Bb6+ 41.Ke4 Bc7 42.h4 a4
43.h5 Bb6 44.Nd3 Bd8 45.Ne5 Bb6 46.Nd3 Bd8  1/2-1/2

[Event "12th Sigeman & Co"]
[Site "Malmoe/Copenhagen SWE"]
[Date "2004.04.02"]
[Round "3"]
[White "Hansen,Cu"]
[Black "Agrest,E"]
[Result "1-0"]
[WhiteElo "2635"]
[BlackElo "2601"]

1.d4 Nf6 2.c4 e6 3.Nf3 d5 4.g3 Be7 5.Bg2 O-O 6.O-O Nbd7 7.Qc2 c6 8.Nbd2 b6
9.e4 Bb7 10.b3 Rc8 11.e5 Ne8 12.Bb2 Nc7 13.Rac1 c5 14.Rfd1 Qe8 15.Qd3 Ba6
16.Qe3 Nb8 17.dxc5 Bxc5 18.Qg5 Nc6 19.a3 Be7 20.Qg4 Kh8 21.b4 Bb7 22.cxd5 exd5
23.Nf1 f5 24.exf6 Bxf6 25.Bxf6 Rxf6 26.Ne3 Rd8 27.Nd4 Ne5 28.Qe2 Ba6 29.Qb2 Nc4
30.Nxc4 Bxc4 31.Re1 Qf7 32.Re5 Ne6 33.Rce1 Nxd4 34.Qxd4 a5 35.h4 axb4 36.axb4 Rf8
37.f4 h6 38.Bxd5 Qg6 39.Kh2 Bxd5 40.Rxd5 Rc6 41.f5 Rc2+ 42.Kh3 Qf7 43.Re6 Kg8
44.Qxb6 Rc4 45.Qb5 Qc7 46.Rd7 Rxb4 47.Qd5 Qc4 48.Ree7+ Kh8 49.Qxc4 Rxc4 50.Rxg7 Rxf5
51.Rh7+ Kg8 52.Rdg7+ Kf8 53.Ra7 Kg8 54.Rxh6 Rf7 55.Rh8+ Kg7 56.Rh7+ Kxh7
57.Rxf7+ Kg6 58.Rf4 Rc6 59.Kg4 Kh6 60.Re4 Rg6+ 61.Kh3 Ra6 62.Re3 Kg6 63.g4 Rb6
64.Kg3 Ra6 65.h5+ Kh6 66.Kh4 Ra4 67.Re6+ Kh7 68.h6 Ra1 69.Kh5 Ra5+ 70.g5 Rb5
71.Re7+ Kh8 72.Kg6 Rb8 73.Kf6 Rf8+ 74.Rf7 Ra8 75.g6 Kg8 76.Rg7+ Kh8 77.Rd7 Re8
78.Kf7 Rg8 79.Rd6 Rf8+ 80.Ke7  1-0

[Event "TCh-FRA Nat1 GpB"]
[Site "Montpellier FRA"]
[Date "2004.04.02"]
[Round "5"]
[White "Dorfman,J"]
[Black "Mancini,M"]
[Result "1-0"]
[WhiteElo "2608"]
[BlackElo "2309"]

1.c4 e6 2.g3 d5 3.Bg2 Nf6 4.Nf3 Be7 5.d4 O-O 6.Qc2 Nbd7 7.Nbd2 c6 8.e4 dxe4
9.Nxe4 Nxe4 10.Qxe4 Bb4+ 11.Ke2 c5 12.a3 Ba5 13.Rd1 Qb6 14.Qc2 e5 15.dxe5 Qe6
16.Bf4 h6 17.Kf1 Bc7 18.h4 Re8 19.b4 Nb6 20.bxc5 Nxc4 21.Kg1 Nxe5 22.Bxe5 Bxe5
23.Rab1 Bf6 24.Re1 Qd7 25.Nd2 Rd8 26.Nc4 Rb8 27.Nd6 b6 28.Bd5 Rf8 29.Bxf7+ Kh8
30.Be6 Qxe6 31.Rxe6 Bxe6 32.c6 Bd4 33.Qe4 Bxf2+ 34.Kh1 Bg8 35.c7 Ra8 36.Rf1 Bf7  1-0

[Event "TCh-CZE Extraliga 2003-4"]
[Site "Czech Rep CZE"]
[Date "2004.04.03"]
[Round "10"]
[White "Jirka,J"]
[Black "Likavsky,T"]
[Result "0-1"]
[WhiteElo "2415"]
[BlackElo "2472"]

1.d4 Nf6 2.c4 e6 3.g3 d5 4.Bg2 Be7 5.Nf3 O-O 6.O-O dxc4 7.Na3 Bxa3 8.bxa3 Nbd7
9.a4 a5 10.Ba3 Re8 11.Rc1 Nd5 12.Nd2 N7b6 13.Nxc4 Bd7 14.Nxb6 cxb6 15.Qb3 Bc6
16.Rc4 Qd7 17.Rb1 Rac8 18.Rbc1 f5 19.e3 h6 20.e4 fxe4 21.Bxe4 Ra8 22.Rb1 Kh8
23.f3 Red8 24.Kf2 Qf7 25.Qc2 Qf6 26.Rd1 Rd7 27.Rxc6 bxc6 28.Qxc6 Rad8 29.Bb2 Rc7
30.Qb5 Rdc8 31.Rd2 Qg5 32.Qe2 Rc4 33.h4 Qf6 34.Bd3 R4c7 35.Qe4 g5 36.hxg5 Qxg5
37.Re2 Rg7 38.Qe5 Nc3 39.Bxc3 Rxc3 40.Qxg5 hxg5 41.Bb5 Rf7 42.Re3 Rxe3 43.Kxe3 Kg7
44.f4 gxf4+ 45.gxf4 Rc7 46.Ke4 Kf6 47.Bd3 Rc3 48.Bb5 Rc1 49.Bd3 Re1+ 50.Kf3 Ra1
51.Bc4 Rc1 52.Bd3 Rc3 53.Ke4 Ra3 54.Bb5 Rxa2 55.d5 Rb2 56.d6 Rb4+ 57.Kf3 Rxb5
58.axb5 Kf7 59.Ke4 Ke8 60.f5 exf5+ 61.Kd5 Kd7  0-1

[Event "TCh-FRA Nat1 GpA"]
[Site "Evry FRA"]
[Date "2004.04.03"]
[Round "6"]
[White "Georgiev,Ki"]
[Black "Nielsen,PH"]
[Result "1-0"]
[WhiteElo "2637"]
[BlackElo "2638"]

1.Nf3 Nf6 2.c4 e6 3.g3 d5 4.d4 Be7 5.Bg2 O-O 6.O-O dxc4 7.Ne5 Nc6 8.Bxc6 bxc6
9.Nxc6 Qe8 10.Nxe7+ Qxe7 11.Qa4 a5 12.Rd1 Rd8 13.Bg5 c5 14.dxc5 Rxd1+ 15.Qxd1 Bb7
16.Nc3 Rd8 17.Qc2 Qxc5 18.Bxf6 gxf6 19.Rd1 Rxd1+ 20.Qxd1 Qc6 21.Qd8+ Kg7
22.f3 Qc5+ 23.Kg2 Qb4 24.Qd2 Bc6 25.a3 Qc5 26.Nd1 h5 27.Ne3 Bb7 28.Kf1 Ba6
29.Qc3 Kf8 30.Ng2 Ke7 31.Qd2 Bc8 32.Nf4 Bd7 33.Kg2 Bc6 34.h4 Bd7 35.Qc3 Bc6
36.Kf1 Bd7 37.Kg2 Bc6 38.b3 Qxa3 39.Qxc4 Qd6 40.Qc3 Bd5 41.Qxa5 Bxb3 42.Qa7+  1-0

[Event "Asian U18b"]
[Site "Tehran IRI"]
[Date "2004.04.04"]
[Round "2"]
[White "Akbarinia,S"]
[Black "Nasri,A"]
[Result "1-0"]
[WhiteElo "2273"]
[BlackElo "2204"]

1.c4 e6 2.Nf3 d5 3.d4 Nf6 4.g3 Be7 5.Bg2 O-O 6.Nbd2 c5 7.cxd5 Qxd5 8.Qb3 Nc6
9.Qxd5 exd5 10.dxc5 Bxc5 11.O-O Re8 12.e3 Bb6 13.a3 Be6 14.b4 d4 15.b5 dxe3
16.bxc6 exf2+ 17.Kh1 bxc6 18.Bb2 Bd5 19.Bxf6 gxf6 20.Nh4 Re2 21.Bxd5 cxd5
22.Rad1 Rd8 23.Kg2 Rde8 24.Ndf3 Ra2 25.Nf5 Ree2 26.Rxd5 Re1 27.N5d4 Rxf1
28.Kxf1 Kf8 29.a4 Rxa4 30.Kxf2 Ke7 31.Ke3 h6 32.Ke4 a5 33.Rb5 Bc7 34.Kd5  1-0

[Event "It U21"]
[Site "Los Llanos ESP"]
[Date "2004.04.06"]
[Round "6"]
[White "Seel,C"]
[Black "Garcia Rodriguez,Va"]
[Result "1-0"]
[WhiteElo "2433"]
[BlackElo "2016"]

1.Nf3 Nf6 2.c4 e6 3.g3 d5 4.d4 Be7 5.Bg2 O-O 6.O-O Nbd7 7.Qc2 c5 8.cxd5 Nxd5
9.Nc3 Nb4 10.Qd1 Nf6 11.a3 cxd4 12.axb4 dxc3 13.bxc3 Nd5 14.Qb3 Qc7 15.Bd2 Nb6
16.Bf4 Qc4 17.Qb2 Bf6 18.Ne5 Qb5 19.Ra5 Qe8 20.Qa2 a6 21.c4 Bd8 22.Nd3 Nd7
23.Ra3 e5 24.Be3 Rb8 25.Rd1 Be7 26.c5 Kh8 27.c6 bxc6 28.Bxc6 Bb7 29.Ba4 Qc8
30.Rc1 Qd8 31.Rac3 Nb6 32.Bxb6 Qxb6 33.Nxe5  1-0

[Event "Asian U18b"]
[Site "Tehran IRI"]
[Date "2004.04.06"]
[Round "5"]
[White "Mamasaliev,M"]
[Black "Akbarinia,S"]
[Result "0-1"]
[WhiteElo "2287"]
[BlackElo "2273"]

1.d4 d5 2.Nf3 e6 3.c4 Nf6 4.g3 Be7 5.Bg2 O-O 6.O-O Nbd7 7.b3 b6 8.Bb2 Bb7
9.Nc3 Rc8 10.Rc1 c5 11.cxd5 Nxd5 12.Qd3 cxd4 13.Nxd5 Bxd5 14.Nxd4 Nc5 15.Qb1 Bxg2
16.Kxg2 Qd5+ 17.f3 Bf6 18.Rfd1 Qb7 19.Ba1 Rfd8 20.b4 Nd7 21.Rxc8 Rxc8 22.Nb5 Be7
23.Nd6 Bxd6 24.Rxd6 Nf8 25.Qd3 Qc7 26.Qd4 f6 27.Kf2 Qc1 28.Bb2 Qh1 29.Qh4 Rc2
30.Rd8 Rxb2 31.Qh3 f5 32.Qh4 h6  0-1

[Event "Open ch-NOR"]
[Site "Oslo NOR"]
[Date "2004.04.08"]
[Round "6"]
[White "Kuttruf,A"]
[Black "Stam,B"]
[Result "1/2-1/2"]
[WhiteElo "2008"]
[BlackElo "2053"]

1.c4 e6 2.g3 Nf6 3.Bg2 d5 4.Nf3 Be7 5.d4 O-O 6.O-O dxc4 7.Qc2 a6 8.Qxc4 b5
9.Qc2 Bb7 10.Bd2 Be4 11.Qc1 Qc8 12.Bg5 Nbd7 13.Nbd2 Bb7 14.Nb3 Bd5 15.Qc2 Be4
16.Qc1 Qb7 17.Nbd2 Bc6 18.Qc2 Rac8 19.Rac1 Bxf3 20.Nxf3 Qb6 21.Qc6 Rfd8 22.e4 h6
23.Bxf6 Bxf6 24.Rfd1 Nb8 25.Qxb6 cxb6 26.Rc3 Rxc3 27.bxc3 Nc6 28.e5 Nxe5
29.Nxe5 Bxe5 30.Bb7 b4 31.cxb4 Rxd4  1/2-1/2

[Event "50th Mexican Open Ch"]
[Site "Leon MEX"]
[Date "2004.04.10"]
[Round "7"]
[White "Gonzalez,JC"]
[Black "Almeida Saenz,A"]
[Result "1/2-1/2"]
[WhiteElo "2517"]
[BlackElo "2378"]

1.d4 d5 2.Nf3 Nf6 3.c4 e6 4.g3 Be7 5.Bg2 O-O 6.O-O b6 7.cxd5 exd5 8.Nc3 Bb7
9.Ne5 Nbd7 10.Qa4 Nb8 11.Bf4 c6 12.Rfd1 b5 13.Qb3 Nbd7 14.e4 Nb6 15.Nd3 Nxe4
16.Nxe4 dxe4 17.Nc5 Bxc5 18.dxc5 Nd5 19.Bxe4 Re8 20.Bf3 Qf6 21.Bd6 Ne3 22.fxe3 Qxf3
23.Rf1  1/2-1/2

[Event "42nd Doeberl Cup"]
[Site "Canberra AUS"]
[Date "2004.04.12"]
[Round "7"]
[White "Froehlich,P"]
[Black "Zhao Zong Yuan"]
[Result "1/2-1/2"]
[WhiteElo "2397"]
[BlackElo "2386"]

1.d4 Nf6 2.Nf3 e6 3.g3 d5 4.Bg2 Be7 5.c4 O-O 6.Qc2 b6 7.O-O Bb7 8.Rd1 dxc4
9.Qxc4 c5 10.Nc3 cxd4 11.Qxd4 Qxd4 12.Nxd4 Bxg2 13.Kxg2 Rc8 14.Bf4 Nbd7 15.e4 Nc5
16.f3 a6 17.Rac1 b5 18.Nce2 Ncd7 19.Nc6 Kf8 20.Nxe7 Kxe7 21.Bd6+ Ke8 22.Kf2 Nb6
23.b3 Rxc1 24.Rxc1 Rc8 25.Ke3 Nfd7 26.Rxc8+ Nxc8 27.Bc7 Nc5 28.Be5 f6 29.Bd4 Nd7
30.Nc1 Ne7 31.Nd3 Nc6 32.Bc3 Ke7 33.g4 g5 34.Be1 e5 35.h4 h6 36.h5 Kf7 37.Bc3 Ke6
38.Nc1 a5 39.Ne2 Nc5 40.Ng3 b4 41.Ba1 Ne7 42.Kd2 Kd7 43.Kc2 Kc6 44.Bb2 Nb7
45.Bc1 Nd6 46.a4 Ne8 47.Be3 Nd6 48.Kd3 Nb7 49.Nf1 Nc8 50.Nd2 Nbd6 51.Nc4 Nxc4
52.Kxc4 Nd6+ 53.Kd3 Nc8 54.Bf2 Nb6 55.Bg1 Nc8 56.Be3 Nb6 57.Bd2 Nd7 58.Be3 Nb6  1/2-1/2

[Event "4th Gold Cup"]
[Site "Szombathely HUN"]
[Date "2004.04.21"]
[Round "3"]
[White "Dragomirescu,An"]
[Black "Borosova,Z"]
[Result "1-0"]
[WhiteElo "2288"]
[BlackElo "2205"]

1.d4 Nf6 2.c4 e6 3.g3 d5 4.Nf3 Be7 5.Bg2 O-O 6.O-O dxc4 7.Ne5 c6 8.Nc3 Nd5
9.Nxc4 b5 10.Ne5 a6 11.e4 Nxc3 12.bxc3 Bb7 13.a4 Nd7 14.f4 Nxe5 15.fxe5 Qc7
16.Qg4 Kh8 17.Qh5 Kg8 18.Be3 Rad8 19.Rf2 Qa5 20.Rc1 bxa4 21.c4 Bb4 22.Qe2 Qc7
23.Qb2 Qe7 24.c5 a5 25.Bf1 Qc7 26.Bc4 Qc8 27.Qe2 Qa8 28.Rcf1 Bc3 29.Qd3 Bb4
30.Qe2 Bc3 31.Qg4 Bxd4 32.Bxd4 Rxd4 33.Bxe6 h5 34.Bxf7+ Rxf7 35.Qe6 Rd7 36.Rxf7 Rxf7
37.Qxf7+ Kh7 38.Qxh5+ Kg8 39.Qf7+ Kh7 40.Rf5  1-0

[Event "6th Open"]
[Site "Dubai UAE"]
[Date "2004.04.23"]
[Round "5"]
[White "Vakhidov,T"]
[Black "Mamedjarova,Z"]
[Result "1/2-1/2"]
[WhiteElo "2517"]
[BlackElo "2343"]

1.c4 e6 2.Nf3 Nf6 3.g3 d5 4.d4 Be7 5.Bg2 O-O 6.O-O dxc4 7.Qa4 a6 8.Qxc4 b5
9.Qc2 Bb7 10.Bd2 Ra7 11.Be3 Nd5 12.Bd2 Nd7 13.Nc3 c5 14.Nxd5 Bxd5 15.dxc5 Nxc5
16.Ng5 g6 17.Bxd5 Qxd5 18.Be3 Rc7 19.Rfd1 Qb7 20.Rac1 Rfc8 21.Qb1 Na4 22.Rxc7 Rxc7
23.Rc1  1/2-1/2

[Event "TCh-RUS 1st Liga"]
[Site "Sochi RUS"]
[Date "2004.04.23"]
[Round "4"]
[White "Evdokimov,Alexa"]
[Black "Kiriakov,P"]
[Result "1/2-1/2"]
[WhiteElo "2495"]
[BlackElo "2568"]

1.d4 e6 2.Nf3 Nf6 3.c4 d5 4.g3 Be7 5.Bg2 O-O 6.O-O dxc4 7.Ne5 Nc6 8.Bxc6 bxc6
9.Nxc6 Qe8 10.Nxe7+ Qxe7 11.Qa4 e5 12.dxe5 Qxe5 13.Qxc4 Be6 14.Qd3 Rad8 15.Qe3 Qa5
16.Nc3 Bh3 17.Re1 Rfe8 18.Qg5 Rd5 19.Qf4 Ne4 20.Be3 Rf5 21.Qh4 Rh5 22.Qf4 Rf5
23.Qh4 Rh5 24.Qf4 Rf5  1/2-1/2

[Event "TCh-RUS 1st Liga"]
[Site "Sochi RUS"]
[Date "2004.04.27"]
[Round "8"]
[White "Khlian,E"]
[Black "Kiriakov,P"]
[Result "1/2-1/2"]
[WhiteElo "2460"]
[BlackElo "2568"]

1.d4 Nf6 2.c4 e6 3.Nf3 d5 4.g3 Be7 5.Bg2 O-O 6.Qc2 c5 7.dxc5 Qa5+ 8.Nc3 dxc4
9.Nd2 Qxc5 10.Na4 Qa5 11.Qxc4 Nbd7 12.Nc3 Ne5 13.Qf4 Ng6 14.Qf3 Rb8 15.O-O Bd7
16.Nb3 Qa6 17.Rd1 Ne5 18.Qf4 Nc4 19.Nd2 Nxd2 20.Bxd2 Rbc8 21.Be1 Bc6 22.Rd3 Bxg2
23.Kxg2 b5 24.a4 b4 25.Nb5 Rc2 26.Bxb4 Qb7+ 27.Kg1 e5 28.Qh4 Bxb4 29.Qxb4 a6
30.Qb3 Rxe2 31.Nd6 Qa7 32.Rf1 e4 33.Re3 Rb8 34.Rc1 h5 35.Rc8+ Rxc8 36.Rxe2 Rc1+
37.Kg2 Qe7 38.Qe3 Rb1 39.Qf4 Qc7 40.Nxe4 Qxf4 41.gxf4 Nxe4 42.Rxe4 Rxb2 43.Re5 g6  1/2-1/2

[Event "1st ACP Women Blitz"]
[Site "playchess.com INT"]
[Date "2004.05.02"]
[Round "8"]
[White "Grabuzova,T"]
[Black "Krush,I"]
[Result "0-1"]
[WhiteElo "2348"]
[BlackElo "2465"]

1.d4 Nf6 2.c4 e6 3.g3 d5 4.Nf3 Be7 5.Bg2 O-O 6.O-O c6 7.Qc2 Nbd7 8.Rd1 b6
9.b3 Bb7 10.Nc3 Rc8 11.e4 h6 12.Bb2 dxe4 13.Nxe4 Qc7 14.Ne5 Rfd8 15.Qe2 Nxe4
16.Qxe4 Nf6 17.Qf3 Ba8 18.Qc3 c5 19.Bxa8 Rxa8 20.dxc5 Qxc5 21.Qf3 Rac8 22.Rxd8+ Bxd8
23.Rd1 Be7 24.Nd7 Nxd7 25.Rxd7 Rd8 26.Rxd8+ Bxd8 27.Qd3 Be7 28.Qd7 a5 29.Qe8+ Bf8
30.Qd7 Qd6 31.Qxd6 Bxd6 32.Bd4 Bc5 33.Bxc5 bxc5 34.Kg2 e5 35.Kf3 f5 36.Ke3 Kf7
37.h3 Ke6 38.f3 Kd6 39.Kd3 g6 40.h4 h5 41.f4 e4+ 42.Ke3 a4 43.bxa4 Kc6 44.Kd2 Kb6
45.Kc3 Ka5 46.Kb3 e3 47.Kc3 Kxa4 48.Kd3 Ka3 49.Kxe3 Kxa2 50.Kd3 Kb3 51.Kd2 Kxc4
52.Kc2 Kd4 53.Kd2 Ke4 54.Ke2 c4 55.Kd2 Kf3 56.Kc3 Kxg3 57.Kxc4 Kxf4 58.Kd3 Kg3
59.Ke2 Kxh4 60.Kf3 g5 61.Kg2 Kg4 62.Kh2 Kf3 63.Kh1 Kf2 64.Kh2 f4 65.Kh1 f3
66.Kh2 Ke2  0-1

[Event "Mitropa Cup"]
[Site "Zemplinska Sirava SVK"]
[Date "2004.05.03"]
[Round "6"]
[White "Saric,A"]
[Black "Petrik,T"]
[Result "1/2-1/2"]
[WhiteElo "2393"]
[BlackElo "2413"]

1.d4 e6 2.c4 Nf6 3.g3 d5 4.Bg2 Be7 5.Nf3 O-O 6.O-O dxc4 7.Ne5 Nc6 8.Nxc6 bxc6
9.e3 Nd5 10.Qa4 Nb6 11.Qc2 Rb8 12.Rd1 Ba6 13.Nd2 Qe8 14.b3 c5 15.Bb2 Qb5
16.dxc5 Bxc5 17.a4 Qa5 18.bxc4 Bb4 19.Nb3 Qh5 20.Rd4 Be7 21.a5 Nxc4 22.Bf1 Nxb2
23.Bxa6 Bf6 24.Rf4 Be5 25.Re4 Rfd8 26.Nd4 Bxd4 27.Rxd4 Rxd4 28.exd4 Qf3 29.Qxc7 Rf8
30.Qc2 Rb8 31.Qc7 Rf8 32.Qxa7 Nd1 33.d5 Qxd5 34.Bb7 Qd2 35.a6 h5 36.Qc5 h4
37.a7 Qe1+ 38.Kg2 h3+ 39.Kxh3 Nxf2+ 40.Kg2 Qxa1 41.Qxf2 Rd8 42.h4 Qa5 43.Kh3 Kf8
44.Qe3 e5 45.a8=Q  1/2-1/2

[Event "Mitropa Cup"]
[Site "Zemplinska Sirava SVK"]
[Date "2004.05.05"]
[Round "8"]
[White "Seel,C"]
[Black "Petrik,T"]
[Result "0-1"]
[WhiteElo "2433"]
[BlackElo "2413"]

1.Nf3 Nf6 2.c4 e6 3.g3 d5 4.d4 Be7 5.Bg2 O-O 6.O-O dxc4 7.Qc2 a6 8.Qxc4 b5
9.Qc2 Bb7 10.Bd2 Be4 11.Qc1 Nbd7 12.Ba5 Rc8 13.Nbd2 Ba8 14.Qc2 Qe8 15.b4 Nb8
16.a3 Nc6 17.Nb3 Bd6 18.Rac1 e5 19.Nxe5 Nxd4 20.Nxd4 Bxg2 21.Kxg2 Qxe5 22.Nf5 Ne4
23.Nxd6 Nxd6 24.Qc6 Nc4 25.Rfe1 Qe6 26.Qxe6 fxe6 27.Red1 Rf7 28.a4 Rcf8 29.axb5 Rxf2+
30.Kg1 axb5 31.Bxc7 Ne3 32.Bd6 Rg2+ 33.Kh1 Rff2 34.Rc8+ Kf7 35.Rf8+ Kg6 36.Rxf2 Rxf2
37.Re1 Nc2 38.Bc5 Rxh2+ 39.Kxh2 Nxe1 40.g4 h5 41.Kg3 hxg4 42.Kxg4 Nc2 43.Kf4 Kf6
44.Ke4 g5 45.Bd6 Na3 46.Bc7 Nc4 47.Kd4 Kf5 48.Kc5 Na3 49.Kd4 e5+ 50.Bxe5 Nc2+
51.Kd5 Nxb4+ 52.Kd6 Nc2 53.Kd5 Nb4+ 54.Kd6 Ke4 55.Bg3 Nd5 56.Kc5 b4 57.Kc4 g4
58.Bf2 Ke5 59.Bg3+ Ke4 60.Bf2 Nc3 61.Kxb4 Nxe2 62.Bh4 Kf3 63.Kb3 Nf4 64.Kc2 Ng2
65.Bd8 g3 66.Bc7 Nf4 67.Kd2 g2 68.Bb6 Nd5 69.Bd4 Nc7 70.Ke1 Ne6 71.Bb6 Nf4
72.Kd2 Nd5 73.Bd4 Ne7 74.Bb6 Nf5 75.Bc5 Ng3 76.Bg1 Nf1+ 77.Ke1 Ne3 78.Kd2 Ng4
79.Ke1 Ne5 80.Bh2 Nd3+ 81.Kd2 Nf2 82.Bg1 Nh3  0-1

[Event "Capablanca Mem Mixto"]
[Site "Havana CUB"]
[Date "2004.05.07"]
[Round "2"]
[White "Ramon,V"]
[Black "Pazos Gambarrotti,P"]
[Result "1/2-1/2"]
[WhiteElo "2206"]
[BlackElo "2353"]

1.d4 Nf6 2.c4 e6 3.g3 d5 4.Bg2 Be7 5.Nf3 O-O 6.O-O dxc4 7.Qc2 a6 8.Qxc4 b5
9.Qc2 Bb7 10.Bd2 Nbd7 11.Ba5 Rc8 12.b4 Bd6 13.Nc3 Qe7 14.Qb2 Nb6 15.Bxb6 cxb6
16.a3 Rfd8 17.e3 Bb8 18.Rac1 Ne8 19.Nd2 Bxg2 20.Kxg2 Nd6 21.Kg1 Qb7 22.Rfd1 h5
23.e4 Nc4 24.Nxc4 Rxc4 25.Qe2 Rdc8 26.Qe3 Qd7 27.f4 a5 28.e5 axb4 29.axb4 Rxb4
30.Rb1 Rbc4 31.Nxb5 Qd5 32.Rf1 h4 33.gxh4 Rc2 34.Qf3 Qa2 35.Qg3 Rb2 36.Rxb2 Qxb2
37.Qd3 g6 38.Rf2 Qc1+ 39.Kg2 Qc6+ 40.Kh3 Qd5 41.Rg2 Kf8 42.h5 gxh5 43.Qa3+ Ke8
44.Qa4 Qf3+ 45.Rg3 Qf1+ 46.Rg2 Qf3+ 47.Rg3 Qf1+ 48.Rg2  1/2-1/2

[Event "12th Sigeman & Co"]
[Site "Malmoe/Copenhagen SWE"]
[Date "2004.05.07"]
[Round "7"]
[White "Beliavsky,A"]
[Black "Hansen,Cu"]
[Result "1/2-1/2"]
[WhiteElo "2667"]
[BlackElo "2635"]

1.d4 Nf6 2.c4 e6 3.Nf3 d5 4.g3 Be7 5.Bg2 O-O 6.O-O Nbd7 7.Qc2 c6 8.Nbd2 b6
9.e4 Bb7 10.e5 Ne8 11.b3 Rc8 12.Bb2 Qc7 13.a4 Qb8 14.Ba3 c5 15.Rac1 Nc7 16.dxc5 bxc5
17.cxd5 Nxd5 18.Nc4 Rfd8 19.a5 h6 20.Rfd1 Qc7 21.Qe2 Nb8 22.Nfd2 Nc6 23.Nd6 Bxd6
24.exd6 Qxa5 25.Bxc5 Nc3 26.Qe3 Nxd1 27.Rxd1 Nb4 28.Bxb4 Qxb4 29.Bxb7 Qxb7
30.Nc4 Qb4 31.Rd4 a5 32.Rg4 Rxc4 33.Rxc4 Qxd6 34.h4 Qd5 35.Rc5 Qb7 36.Rc1 Qb5
37.Qc3 Rd3 38.Qc8+ Kh7 39.Qc7 Rxb3 40.Qxf7 Rb1 41.Qf4 Qd3 42.Rxb1 Qxb1+ 43.Kg2 Qc2
44.Qd4 a4 45.Qb4 e5 46.h5 Qc6+ 47.Kg1 Qa8 48.Qa3 e4 49.Kh2 Qa7 50.Kg2 Qd4
51.Qa2 Qa7 52.Qa3 Qa8 53.Kg1 Qc6 54.Qb4 Qc1+ 55.Kg2 Qc6 56.Kg1 Qe8 57.Qc5 Kh8
58.Qa7 Kg8 59.Kg2 Qc6 60.Kh2 Kh7 61.Qa5 Qe8 62.Kg2 Kh8 63.Qa6 Kg8 64.Qc4+ Kh7
65.Qa6 Kh8 66.Kf1 e3 67.fxe3 Qxh5 68.Qc8+ Kh7 69.Qc2+ Qg6 70.Qxa4 Qxg3 71.Qe4+ Qg6
72.Qd5 h5 73.e4 h4 74.e5 Qf5+ 75.Kg1 g6 76.Qd6 Qg4+ 77.Kh1 Qf3+ 78.Kg1 Qf4
79.Qd5 Kg7 80.Qd7+ Kh6 81.e6 Qe3+ 82.Kh1 Qe1+ 83.Kh2 Qf2+ 84.Kh1 Qf1+ 85.Kh2  1/2-1/2